[Event "Biel op-B 56th"]
[Site "Biel"]
[Date "2023.07.17"]
[Round "1"]
[White "Grueter Schmid, Helen"]
[Black "Ehrsam, Andreas"]
[Result "0-1"]
[WhiteElo "1423"]
[BlackElo "1679"]
[PlyCount "84"]
[EventDate "2023.07.17"]
[EventType "swiss"]
[EventRounds "9"]
[EventCountry "SUI"]
[SourceTitle "EXT 2024"]
[Source "ChessBase"]
[SourceDate "2023.10.10"]
[SourceVersion "1"]
[SourceVersionDate "2023.10.10"]
[SourceQuality "1"]

1. d4 d5 2. Nf3 Nf6 3. e3 e6 4. Bd3 Bd6 5. b3 Nbd7 6. Bb2 b6 7. Nbd2 Bb7 8. 0-0 0-0 9. Ne5 c5 10. Ndf3 Ne4 11. Nxd7 Qxd7 12. a4 a6 13. c4 f5 14. Ne5 Qe7 15. Bxe4 fxe4 16. Qc2 Rf5 17. Rae1 Raf8 18. h3 cxd4 19. exd4 Rg5 20. Re3 Bxe5 21. dxe5 Qc5 22. Qc3 Qe7 23. a5 b5 24. c5 Bc6 25. b4 Rd8 26. Qe1 d4 27. Bxd4 Rxd4 28. Qc3 Rd3 29. Qb2 Qd8 30. h4 Rf5 31. g3 Qd4 32. Qe2 Rxe3 33. fxe3 Qxe5 34. Rf4 Qc7 35. h5 Qd7 36. Qg4 Qf7 37. h6 Rxf4 38. exf4 Qf6 39. hxg7 e3 40. Kf1 Qf5 41. Qh4 Qd3+ 42. Kg1 Qd1+ 0-1